|
|
|
|
| LEADER |
00000nam a22000007a 4500 |
| 005 |
20150724143635.0 |
| 007 |
cr|||| |||| |
| 008 |
150724s2015 sp |||||s|||| 00||0 spa d |
| 020 |
|
|
|a 978-84-9085-310-8
|
| 035 |
|
|
|a 12778
|
| 040 |
|
|
|a vLex
|
| 090 |
|
|
|c 5486
|d 5486
|
| 100 |
1 |
|
|a Luzn̤ Cuesta, Jos ̌Mara̕
|
| 245 |
1 |
3 |
|a El recurso de casacin̤ penal
|h [Recurso electrn̤ico] /
|c Jos ̌Mara̕ Luzn̤ Cuesta
|
| 256 |
|
|
|a Servicio en ln̕ea
|
| 260 |
|
|
|a Madrid:
|b Dykinson,
|c 2015.
|
| 300 |
|
|
|a 1 recurso electrn̤ico
|
| 506 |
1 |
|
|a Contenido disponible en los productos indicados
|d vLex Global
|d vLex Global (Academic Edition, excluding Law Schools)
|d vLex Global (U.S. Academic Edition, Law Schools)
|d vLex Global (U.S. Academic Edition, excluding Law Schools)
|d vLex Global (Academic Edition, Law Schools)
|
| 650 |
0 |
4 |
|a Derecho penal
|z Espaą
|
| 650 |
0 |
4 |
|a Recurso de casacin̤
|z Espaą
|
| 740 |
0 |
|
|a vLex Libros (Servicio en ln̕ea)
|
| 856 |
4 |
0 |
|u http://vlex.com/source/recurso-de-casacion-penal-12778
|z Acceso restringido
|
| 942 |
|
|
|c BOOK
|
| 999 |
0 |
|
|a Criminal law
|
| 999 |
0 |
|
|a Civil procedure
|